000 01289nam a22002057a 4500
999 _c62768
_d62768
003 Ge_BSU
005 20250210164758.0
008 250210s2011 ge ||||| |||| 00| 0 geo d
020 _a9789941104299
041 _ageo
080 _a94(4)(75.8) + 94(73)(075.8) პ-18
100 _aპაპასქირი, თეიმურაზ
_95509
245 _aევროპისა და ამერიკის ქვეყნების უახლესი ისტორია, 1914-1945. ნაკვ. 1 /
_cთეიმურაზ პაპასქირი; რედ. მერაბ კალანდაძე; ექვთიმე თაყაიშვილის სახ. საქ. საისტ. საზ-ბა, აფხაზეთის ორგანიზაცია.
250 _aმე-2 შესწ. გამოც.
264 _aთბილისი :
_bმერიდიანი.
_c2011.
300 _a350 გვ.;
_b24 სმ.
700 _aკალანდაძე, მერაბ
_eრედაქტორი
_91537
710 _aექვთიმე თაყაიშვილის სახ. საქ. საისტ. საზ-ბა. აფხაზეთის ორგანიზაცია.
_915536
942 _2udc
_cBK